O novo direito do saneamento básico : (Record no. 90)
[ view plain ]
| 000 -LÍDER | |
|---|---|
| Campo Fixo de Controle | 01013cam a2200253 a 4500 |
| 001 - NÚMERO DE CONTROLE | |
| Campo de Controle | 90 |
| 003 - IDENTIFICAÇÃO DO NÚMERO DE CONTROLE | |
| Campo de Controle | BR-CuiBMT |
| 005 - DATA E HORA DA ÚLTIMA ATUALIZAÇÃO | |
| Campo de Controle | 20231111000002.0 |
| 008 - DADOS FIXOS | |
| Dados Fixos | 230810s2022 mgba 000 0 por d |
| 020 ## - INTERNATIONAL STANDARD BOOK NUMBER | |
| Nº do ISBN | 9786555182996 |
| 040 ## - AGÊNCIA CATALOGADORA | |
| Código da Agência Catalogadora | BR-CuiBMT |
| Agência que transcreveu o registro | BR-CuiBMT |
| 080 ## - Nº DA CLASSIFICAÇÃO DECIMAL UNIVERSAL | |
| Nº edição CDU | 2007 |
| Nº Class. CDU | 347.247 |
| 090 ## - NÚMERO DE CHAMADA | |
| Nº classificação | 347.247 |
| Cutter | N945 |
| 245 02 - TÍTULO PRINCIPAL | |
| Título principal | O novo direito do saneamento básico : |
| Subtítulo | estudos sobre o novo marco legal do saneamento básico no Brasil (de acordo com a Lei nº 14.026/2020 e respectiva regulamentação) / |
| Indicação de responsabilidade | Fernando Vernalha Guimarães coordenador ; [autores Adilson Abreu Dallari ... et al.]. |
| 260 ## - PUBLICAÇÃO, DISTRIBUIÇÃO, ETC. | |
| Local de publicação | Belo Horizonte : |
| Editora | Fórum, |
| Data | 2022. |
| 300 ## - DESCRIÇÃO FÍSICA | |
| N. páginas ou volumes | 303 p. : |
| Ilustrações | il. ; |
| Dimensões | 22 cm |
| 500 ## - NOTAS GERAIS | |
| Notas gerais | Dados de autoria retirados da capa. |
| 504 ## - NOTA DE BIBLIOGRAFIA, ETC. | |
| Nota de bibliografia | Inclui bibliografia. |
| 650 ## - ASSUNTO TÓPICO | |
| Cabeçalho tópico ou nome geográfico | Direito das águas |
| Subdivisão geral | Aspectos jurídicos |
| Subdivisão geográfica | Brasil |
| 650 ## - ASSUNTO TÓPICO | |
| Cabeçalho tópico ou nome geográfico | Saneamento básico |
| Subdivisão de forma | Legislação |
| Subdivisão geográfica | Brasil |
| 700 1# - ENTRADA SECUNDÁRIA -- NOME PESSOAL | |
| Nome pessoal | Guimarães, Fernando Vernalha |
| Cód. do termo explicativo | coord. |
| 700 1# - ENTRADA SECUNDÁRIA -- NOME PESSOAL | |
| Nome pessoal | Dallari, Adilson Abreu |
| Algarismos romanos que seguem o prenome | 1941- |
| Termo de relação | et al. |
| -- | autores |
| 942 ## - ELEMENTOS DE ENTRADA ADICIONAIS (KOHA) | |
| Fonte de classificação ou esquema de arquivamento | Classificação Decimal Universal |
| Tipo de item do Koha | Livros |
| Estado: removido | Estado: perdido | Fonte de classificação ou esquema de arquivamento | Estado: danificado | Indisponível para empréstimo | Localização permanente | Localização atual | Data de aquisição | Total Checkouts | Número de Chamada completo | Código de barras | Date last seen | Número do exemplar | Preço efetivo a partir de | Tipo de item (Koha) |
|---|---|---|---|---|---|---|---|---|---|---|---|---|---|---|
| Classificação Decimal Universal | Biblioteca da Escola Superior de Contas do TCE/MT | Biblioteca da Escola Superior de Contas do TCE/MT | 28/06/2023 | 347.247 N945 | BIBTCEMT23080065 | 10/08/2023 | Ex. 1 | 10/08/2023 | Livros |